PROVINCES OF THE PHILIPPINES LETTER B - Statistics

General Stats
  • This quiz has been taken 875 times
  • The average score is 6 of 9
Answer Stats
Hint Answer % Correct
BATANGAS
86%
BATANES
81%
BATAAN
74%
BULACAN
72%
BOHOL
68%
BENGUET
66%
BASILAN
50%
BILIRAN
49%
BUKIDNON
47%
No matching quizzes found
Score Distribution
Percent of People with Each Score
Percentile by Number Answered
Your Score History
You have not taken this quiz